00296nam a22000977a 4500082001200000100005100012245005700063260004100120650001500161700002200176 a220 PRO aNS Dawood Abrar NS Jasvant Raj NS Salman Zafar aPR-SOF-1498-CORVUS SPLENDENS BASED FLAPPING WING UAV aISLAMABADbNUST COLLEGE OF EMEc2016 a DE-MTS-34 aDR. Khurram Kamal